| 000 | 02250nam0a2200409 i 4500 | ||
|---|---|---|---|
| 001 | RU\NLR\BIBL_A\010527282 | ||
| 005 | 20260406143400.0 | ||
| 010 |
_a9785424202315 _9300 |
||
| 021 |
_aRU _b2014-66983 _94089 |
||
| 035 | _a(NILC)RuMoRGB-007547516 | ||
| 035 | _a(NLR Aleph) 010527282 | ||
| 090 |
_a10241038 _c10241038 |
||
| 100 | _a20141111d2013 km y0rusy50 ca | ||
| 101 | 0 | _arus | |
| 102 | _aRU | ||
| 105 | _ay|||z||||01yy | ||
| 200 | 1 |
_aДиалог культур как основа развития российской гражданской идентичности _eматериалы Всероссийской научно-практической конференции молодых ученых, аспирантов и студентов (6 ноября 2013 г.) _f[отв. ред.: к. психол. н., доц. М. И. Лечиева] |
|
| 210 |
_aГрозный _cАЛЕФ _d2013 |
||
| 215 |
_a108 с. _d20 |
||
| 300 | _aВ надзаг.: Федер. гос. бюджет. образоват. учреждение высш. проф. образования "Чечен. гос. пед. ин-т" | ||
| 320 | _aБиблиогр. в конце ст. | ||
| 606 | 1 |
_aИдентичность социальная _jСъезды, совещания и т.п _92291551 _3RU\NLR\AUTH\661372381 |
|
| 606 | 1 |
_aГражданственность _jСъезды, совещания и т.п _xСоциокультурные исследования _92471246 _3RU\NLR\AUTH\661467722 |
|
| 610 | 0 | _aроссийская гражданская идентичность | |
| 610 | 0 | _aдиалог культур | |
| 610 | 0 | _aэтническая ментальность | |
| 686 | 1 | _aС550.35я431 | |
| 686 | 1 | _aС550.511я431 | |
| 702 | 1 |
_aЛечиева _bМ. И. _gМалка Исраиловна _4340 |
|
| 712 | 0 | 2 |
_4570 _aЧеченский государственный педагогический институт _cГрозный _9341120 _3RU\NLR\AUTH\889922567 |
| 801 | 0 |
_aRU _bРГБ _c20140903 _gRCR |
|
| 801 | 1 |
_aRU _bРГБ _c20140903 _2rusmarc |
|
| 942 | _cBOOK | ||
| 980 | _aNBR | ||